[Event "Chioggia op-A 08th"]
[Site "Chioggia"]
[Date "2013.10.13"]
[Round "5"]
[White "De Bortoli, Thomas"]
[Black "Lodici, Lorenzo"]
[Result "0-1"]
[WhiteElo "1918"]
[BlackElo "2068"]
[PlyCount "96"]
[EventDate "2013.10.10"]
[EventType "swiss"]
[EventRounds "5"]
[EventCountry "ITA"]
[SourceTitle "EXT 2024"]
[Source "ChessBase"]
[SourceDate "2023.10.10"]
[SourceVersion "1"]
[SourceVersionDate "2023.10.10"]
[SourceQuality "1"]

1. e4 c5 2. Nc3 a6 3. g3 b5 4. Bg2 Bb7 5. d3 e6 6. Nh3 Be7 7. 0-0 d6 8. Nf4 Nc6 9. Nh5 Bf8 10. Nf4 g6 11. Be3 Bg7 12. a3 Nge7 13. Nfe2 Nd4 14. Rb1 0-0 15. Qd2 d5 16. Bg5 Nxe2+ 17. Qxe2 d4 18. Nd1 f6 19. Bd2 Qc7 20. f4 c4 21. Nf2 Rfe8 22. Nh3 a5 23. g4 Qc5 24. Be1 b4 25. axb4 axb4 26. Rf2 c3 27. b3 g5 28. f5 exf5 29. gxf5 Nxf5 30. Qh5 Ne3 31. Bf3 Qe7 32. Re2 Ra2 33. Rc1 Rea8 34. Bf2 Ra1 35. Bxe3 dxe3 36. Rxa1 Rxa1+ 37. Kg2 Ra2 38. Bg4 Ba6 39. Kh1 Bxd3 40. Rxe3 Bxc2 41. Bf5 Bxb3 42. Qxh7+ Kf8 43. e5 c2 44. Re1 Qxe5 45. Rxe5 c1Q+ 46. Ng1 fxe5 47. Be4 Qf4 48. Bc6 Bc2 0-1

[Event "Chioggia op-A 08th"]
[Site "Chioggia"]
[Date "2013.10.12"]
[Round "2"]
[White "Quaranta, Cristiano"]
[Black "De Bortoli, Thomas"]
[Result "1/2-1/2"]
[WhiteElo "2168"]
[BlackElo "1918"]
[PlyCount "75"]
[EventDate "2013.10.10"]
[EventType "swiss"]
[EventRounds "5"]
[EventCountry "ITA"]
[SourceTitle "EXT 2024"]
[Source "ChessBase"]
[SourceDate "2023.10.10"]
[SourceVersion "1"]
[SourceVersionDate "2023.10.10"]
[SourceQuality "1"]

1. c4 d6 2. g3 Nd7 3. Bg2 g6 4. Nc3 Bg7 5. d3 e5 6. e4 Ne7 7. Nge2 0-0 8. 0-0 c6 9. Be3 f5 10. h3 h6 11. Qd2 Kh7 12. f4 Nf6 13. b4 Be6 14. Rab1 fxe4 15. dxe4 Bxc4 16. Rfd1 d5 17. fxe5 Nxe4 18. Nxe4 dxe4 19. Qc1 Nd5 20. Nf4 Nxf4 21. Qxc4 Nd5 22. Bc5 Re8 23. Bxe4 Rxe5 24. Kh2 Qg5 25. Rb3 Rae8 26. Bf3 Ne3 27. Bxe3 Rxe3 28. Rxe3 Qxe3 29. Bg2 Qe2 30. Qxe2 Rxe2 31. Rd7 Rxa2 32. Rxb7 h5 33. Rc7 Ra4 34. Bxc6 Rxb4 35. Rxa7 Rb2+ 36. Bg2 Kh6 37. Rb7 Rc2 38. Rb3 1/2-1/2

[Event "Mogliano Veneto op-B 31st"]
[Site "Mogliano Veneto"]
[Date "2010.04.30"]
[Round "1"]
[White "De Bortoli, Thomas"]
[Black "Perissotto, Mario"]
[Result "1-0"]
[WhiteElo "1823"]
[BlackElo "1676"]
[PlyCount "81"]
[EventDate "2010.04.30"]
[EventType "swiss"]
[EventRounds "5"]
[EventCountry "ITA"]
[SourceTitle "EXT 2023"]
[Source "ChessBase"]
[SourceDate "2022.10.05"]
[SourceVersion "1"]
[SourceVersionDate "2022.10.05"]
[SourceQuality "1"]

1. e4 c5 2. Nf3 e6 3. d4 cxd4 4. Nxd4 a6 5. Nc3 Qc7 6. Be3 Nf6 7. f3 Nc6 8. Nb3 Bb4 9. Qd2 Ne5 10. Bf4 Bxc3 11. bxc3 Nh5 12. Bxe5 Qxe5 13. Qd4 Qg5 14. g3 e5 15. Qc5 Qe7 16. Qb6 0-0 17. Rd1 Rd8 18. Rd6 Nf6 19. c4 Ne8 20. c5 Nxd6 21. cxd6 Qf6 22. Bc4 Re8 23. 0-0 Qd8 24. Qc5 b5 25. Bxf7+ Kxf7 26. Qd5+ Kf8 27. f4 Re6 28. fxe5+ Kg8 29. Qxa8 Rxe5 30. Nd4 Qe8 31. Nf5 Rc5 32. Ne7+ Kh8 33. e5 Rxc2 34. Qf3 h6 35. Qf8+ Qxf8 36. Rxf8+ Kh7 37. Nxc8 Rxa2 38. e6 b4 39. e7 b3 40. e8Q Rb2 41. Rh8# 1-0

[Event "Chioggia op-A 04th"]
[Site "Chioggia"]
[Date "2009.10.11"]
[Round "4"]
[White "Polin, Giulia"]
[Black "De Bortoli, Thomas"]
[Result "0-1"]
[WhiteElo "1786"]
[BlackElo "1882"]
[PlyCount "70"]
[EventDate "2009.10.09"]
[EventType "swiss"]
[EventRounds "5"]
[EventCountry "ITA"]
[SourceTitle "EXT 2022"]
[Source "ChessBase"]
[SourceDate "2021.10.06"]
[SourceVersion "1"]
[SourceVersionDate "2021.10.06"]
[SourceQuality "1"]

1. e4 c5 2. Nf3 d6 3. d4 cxd4 4. Nxd4 Nf6 5. Nc3 e5 6. Ndb5 a6 7. Na3 b5 8. Nd5 Bb7 9. Qf3 Nxd5 10. exd5 Nd7 11. Be3 Nf6 12. Rd1 Rc8 13. c3 Bxd5 14. Rxd5 e4 15. Qf4 Nxd5 16. Qxe4+ Ne7 17. Nxb5 Qd7 18. Na7 d5 19. Qe5 f6 20. Qd4 Nc6 21. Nxc6 Qxc6 22. Be2 Be7 23. 0-0 0-0 24. Qa7 Bc5 25. Bxc5 Qxc5 26. Qxa6 Ra8 27. Qe6+ Kh8 28. Ra1 Rfe8 29. Qg4 Reb8 30. Bd3 Rxb2 31. Qh4 h6 32. c4 Raxa2 33. Rxa2 Rxa2 34. h3 dxc4 35. Bxc4 Ra4 0-1

[Event "ITA-ch U20"]
[Site "Castione"]
[Date "2009.08.24"]
[Round "4"]
[White "De Nardi, Riccardo"]
[Black "De Bortoli, Thomas"]
[Result "1-0"]
[WhiteElo "2077"]
[BlackElo "1870"]
[PlyCount "63"]
[EventDate "2009.08.21"]
[EventType "swiss"]
[EventRounds "9"]
[EventCountry "ITA"]
[SourceTitle "EXT 2011"]
[Source "ChessBase"]
[SourceDate "2010.11.26"]
[SourceVersion "1"]
[SourceVersionDate "2010.11.26"]
[SourceQuality "1"]

1. e4 c5 2. Nf3 d6 3. d4 cxd4 4. Nxd4 Nf6 5. Nc3 a6 6. Be3 e5 7. Nb3 Be6 8. f3 Be7 9. Qd2 Nbd7 10. 0-0-0 0-0 11. Nd5 Bxd5 12. exd5 Rc8 13. Qf2 a5 14. a4 Nc5 15. Nxc5 dxc5 16. c4 Qb6 17. Qc2 Ne8 18. Bd3 g6 19. g4 Nd6 20. Bh6 Rfe8 21. h4 Qd8 22. Kb1 Bf8 23. Bxf8 Rxf8 24. h5 Qf6 25. hxg6 fxg6 26. Rh3 Nf7 27. Rdh1 Ng5 28. Rh6 Kg7 29. Qh2 Rh8 30. Bxg6 Rcd8 31. Bxh7 Rxh7 32. Rxh7+ 1-0

[Event "ITA-ch U20"]
[Site "Castione"]
[Date "2009.08.21"]
[Round "1"]
[White "Fiducioso, Marco"]
[Black "De Bortoli, Thomas"]
[Result "1-0"]
[WhiteElo "2122"]
[BlackElo "1870"]
[PlyCount "67"]
[EventDate "2009.08.21"]
[EventType "swiss"]
[EventRounds "9"]
[EventCountry "ITA"]
[SourceTitle "EXT 2011"]
[Source "ChessBase"]
[SourceDate "2010.11.26"]
[SourceVersion "1"]
[SourceVersionDate "2010.11.26"]
[SourceQuality "1"]

1. c4 f5 2. Nc3 Nf6 3. g3 e6 4. Bg2 d6 5. d4 Be7 6. Nf3 0-0 7. 0-0 Qe8 8. Re1 Ne4 9. Qd3 Qg6 10. Bf4 c6 11. Nd2 e5 12. Ndxe4 exf4 13. Nd2 fxg3 14. fxg3 Qh6 15. e3 Nd7 16. Nf3 Bd8 17. Rf1 Nf6 18. Rae1 Ne4 19. a3 Be6 20. d5 Nc5 21. Qc2 Bf7 22. Nd4 g6 23. b4 Nd7 24. dxc6 Ne5 25. cxb7 Rb8 26. Bd5 Nxc4 27. Bxf7+ Rxf7 28. Nd5 Nb6 29. Nc6 Nxd5 30. Nxb8 Bb6 31. Nd7 Rxd7 32. b8Q+ Rd8 33. Qxd8+ Bxd8 34. Qc4 1-0

[Event "Chioggia op-A 03rd"]
[Site "Chioggia"]
[Date "2008.10.10"]
[Round "1"]
[White "De Bortoli, Thomas"]
[Black "Adriani, Vieri"]
[Result "0-1"]
[WhiteElo "1869"]
[BlackElo "2135"]
[PlyCount "84"]
[EventDate "2008.10.10"]
[EventType "swiss"]
[EventRounds "5"]
[EventCountry "ITA"]
[SourceTitle "EXT 2022"]
[Source "ChessBase"]
[SourceDate "2021.10.06"]
[SourceVersion "1"]
[SourceVersionDate "2021.10.06"]
[SourceQuality "1"]

1. e4 d5 2. exd5 Qxd5 3. Nc3 Qa5 4. d4 e5 5. Bc4 Bb4 6. Qf3 Nf6 7. dxe5 Qxe5+ 8. Qe3 Ng4 9. Qxe5+ Nxe5 10. Bb3 0-0 11. Nge2 Re8 12. 0-0 Nbc6 13. Nd5 Bd6 14. Nec3 Bf5 15. Nb5 Rac8 16. Be3 Ng4 17. Nxd6 cxd6 18. Bf4 Nd4 19. Bxd6 Bxc2 20. Ne7+ Rxe7 21. Bxe7 Bd3 22. Rad1 Ne2+ 23. Kh1 Nf4 24. Rc1 Nxf2+ 25. Kg1 Ne2+ 26. Kxf2 Nxc1 27. Rd1 h5 28. Bd5 Rc2+ 29. Kg3 Bg6 30. Ba3 b6 31. Kf3 Nd3 32. Bb3 Rf2+ 33. Kg3 h4+ 34. Kxh4 Rxg2 35. Kh3 Nf4+ 36. Kh4 Kh7 37. Bd6 Nd3 38. Bxf7 Bxf7 39. Rxd3 g5+ 40. Kh3 Rg1 41. Re3 Kh6 42. Rg3 Be6+ 0-1

[Event "Bratto op-B 28th"]
[Site "Bratto"]
[Date "2008.08.29"]
[Round "7"]
[White "De Bortoli, Thomas"]
[Black "Raselli, Claudio"]
[Result "0-1"]
[WhiteElo "1805"]
[BlackElo "1962"]
[PlyCount "52"]
[EventDate "2008.08.23"]
[EventType "swiss"]
[EventRounds "9"]
[EventCountry "ITA"]
[SourceTitle "EXT 2011"]
[Source "ChessBase"]
[SourceDate "2010.11.26"]
[SourceVersion "1"]
[SourceVersionDate "2010.11.26"]
[SourceQuality "1"]

1. e4 d5 2. exd5 Qxd5 3. Nc3 Qe5+ 4. Be2 c6 5. d4 Qc7 6. Nf3 Bf5 7. Be3 e6 8. Qd2 Nf6 9. h3 Bb4 10. Bf4 Qa5 11. Bd3 Nd5 12. 0-0 Bxd3 13. cxd3 Nxc3 14. bxc3 Bxc3 15. Qc2 Bxa1 16. Rxa1 0-0 17. Rb1 b6 18. Ne5 Qd5 19. Qc4 Qxc4 20. dxc4 Rd8 21. Nf3 Nd7 22. c5 b5 23. Ne5 Nxe5 24. Bxe5 f6 25. Bd6 Rd7 26. Re1 Kf7 0-1

[Event "Bratto op-B 27th"]
[Site "Bratto"]
[Date "2007.08.26"]
[Round "3"]
[White "Pedemonte, Claudio"]
[Black "De Bortoli, Thomas"]
[Result "1/2-1/2"]
[WhiteElo "1915"]
[BlackElo "1617"]
[PlyCount "81"]
[EventDate "2007.08.24"]
[EventType "swiss"]
[EventRounds "8"]
[EventCountry "ITA"]
[SourceTitle "CBM 120 Extra"]
[Source "ChessBase"]
[SourceDate "2007.11.01"]
[SourceVersion "1"]
[SourceVersionDate "2007.11.01"]
[SourceQuality "1"]

1. c4 e5 2. g3 Nf6 3. Bg2 d5 4. cxd5 Nxd5 5. Nc3 Nb6 6. Nf3 Nc6 7. 0-0 Be7 8. d3 0-0 9. a3 Bg4 10. b4 a6 11. Bb2 Qd7 12. Rc1 Bh3 13. Ne4 Bxg2 14. Kxg2 f6 15. Nc5 Qc8 16. Qc2 Nd7 17. Nxb7 Nxb4 18. Qxc7 Nd5 19. Qxc8 Rfxc8 20. Rxc8+ Rxc8 21. Na5 h6 22. Nc4 N7b6 23. Nxb6 Nxb6 24. Rc1 Rb8 25. Bc3 Nd5 26. Be1 Rb3 27. e4 Nb6 28. Rc7 Bxa3 29. Ra7 Rxd3 30. Rxa6 Nc4 31. Nh4 Rd8 32. Nf5 Bf8 33. h4 Nb2 34. Ba5 Rc8 35. Ne3 Nd3 36. Bb6 Rc6 37. Nd5 Nb4 38. Nxb4 Bxb4 39. Ra8+ Kf7 40. Ra7+ Kg6 41. Be3 1/2-1/2

[Event "Bratto op-B 27th"]
[Site "Bratto"]
[Date "2007.08.25"]
[Round "2"]
[White "De Bortoli, Thomas"]
[Black "Fontanesi, Riccardo"]
[Result "1-0"]
[WhiteElo "1617"]
[BlackElo "1837"]
[PlyCount "95"]
[EventDate "2007.08.24"]
[EventType "swiss"]
[EventRounds "8"]
[EventCountry "ITA"]
[SourceTitle "CBM 120 Extra"]
[Source "ChessBase"]
[SourceDate "2007.11.01"]
[SourceVersion "1"]
[SourceVersionDate "2007.11.01"]
[SourceQuality "1"]

1. e4 Nf6 2. Nc3 d5 3. exd5 Nxd5 4. Bc4 e6 5. Nf3 Nxc3 6. bxc3 c5 7. 0-0 Bd6 8. d4 0-0 9. Bb2 Nd7 10. Re1 Nf6 11. Qd2 b6 12. Rad1 Bb7 13. Ne5 Bxe5 14. Rxe5 Qc7 15. Qf4 Rad8 16. Bd3 Qc6 17. f3 c4 18. Be4 Nxe4 19. Qxe4 Qc7 20. Qg4 Rd5 21. Rde1 Rfd8 22. Bc1 Kf8 23. Bf4 f5 24. Qh4 Rxe5 25. Rxe5 Qd7 26. Qxh7 Re8 27. Bh6 Qf7 28. Qh8+ Ke7 29. Bg5+ Kd7 30. Qh4 Bd5 31. Bc1 Qg6 32. Qg5 Qxg5 33. Bxg5 Rb8 34. Bf4 Rb7 35. Kf2 b5 36. a3 Rb6 37. g4 g6 38. h4 Ke8 39. gxf5 gxf5 40. h5 Rb7 41. Re1 Kf8 42. Rg1 a5 43. h6 a4 44. Bd6+ Ke8 45. Rg8+ Kf7 46. Rg7+ Ke8 47. Rxb7 Bxb7 48. h7 1-0

[Event "Montebelluna op-B 5th"]
[Site "Montebelluna"]
[Date "2007.03.10"]
[Round "3"]
[White "Steger, Andreas"]
[Black "De Bortoli, Thomas"]
[Result "1-0"]
[WhiteElo "1503"]
[BlackElo "1506"]
[PlyCount "79"]
[EventDate "2007.03.09"]
[EventType "swiss"]
[EventRounds "5"]
[EventCountry "ITA"]
[SourceTitle "EXT 2008"]
[Source "ChessBase"]
[SourceDate "2007.11.25"]
[SourceVersion "1"]
[SourceVersionDate "2007.11.25"]
[SourceQuality "1"]

1. d4 Nf6 2. Bg5 g6 3. Nc3 Bg7 4. e4 d6 5. Nf3 Nbd7 6. Qd2 0-0 7. Bc4 e5 8. 0-0 Qe8 9. d5 a6 10. a4 Nc5 11. Bxf6 Bxf6 12. b4 Nd7 13. Bb3 Bg7 14. b5 a5 15. Ne1 f5 16. f3 Nc5 17. Rb1 Qf7 18. Nd3 Nxb3 19. cxb3 f4 20. Rfc1 b6 21. Rc2 Bb7 22. Rbc1 Rac8 23. Nb2 g5 24. Ncd1 Bh6 25. Nf2 Qg7 26. Ng4 Rf7 27. Nc4 Re7 28. Nxb6 Rd8 29. Nc4 Bc8 30. Nxh6+ Qxh6 31. Nxa5 Rdd7 32. b6 cxb6 33. Rxc8+ Kf7 34. Nc6 Re8 35. Rxe8 Kxe8 36. Qb4 g4 37. Qb5 Qg7 38. Nb8 gxf3 39. Qxd7+ Qxd7 40. Nxd7 1-0

[Event "Montebelluna op-B 5th"]
[Site "Montebelluna"]
[Date "2007.03.09"]
[Round "1"]
[White "Reginato, Mauro"]
[Black "De Bortoli, Thomas"]
[Result "1-0"]
[WhiteElo "1895"]
[BlackElo "1506"]
[PlyCount "101"]
[EventDate "2007.03.09"]
[EventType "swiss"]
[EventRounds "5"]
[EventCountry "ITA"]
[SourceTitle "EXT 2008"]
[Source "ChessBase"]
[SourceDate "2007.11.25"]
[SourceVersion "1"]
[SourceVersionDate "2007.11.25"]
[SourceQuality "1"]

1. e4 c5 2. Nf3 d6 3. d4 cxd4 4. Nxd4 Nf6 5. Nc3 g6 6. Be2 Bg7 7. 0-0 0-0 8. Bg5 Nc6 9. Nb3 Bd7 10. f4 a5 11. a4 Nb4 12. Kh1 Rc8 13. Nd4 Bc6 14. Bf3 Na6 15. Re1 Re8 16. Nxc6 bxc6 17. e5 dxe5 18. Qxd8 Rexd8 19. fxe5 Nd5 20. Nxd5 cxd5 21. Bxe7 Re8 22. Bd6 Rxc2 23. Bxd5 Rxb2 24. Rf1 Kh8 25. Bxf7 Rc8 26. Rac1 Rxc1 27. Rxc1 Nc5 28. Bxc5 Bxe5 29. Be8 Re2 30. Bb5 Re4 31. Bb6 Bf4 32. Rd1 Be5 33. Bxa5 Rh4 34. h3 g5 35. Bd8 h6 36. Rf1 Rd4 37. Bf6+ Bxf6 38. Rxf6 Kg7 39. Ra6 Rb4 40. Bd3 Rd4 41. Ra7+ Kf6 42. Be2 Ke5 43. Ra6 Re4 44. Bf3 Rb4 45. Ra8 Kd6 46. a5 Ra4 47. a6 Kc7 48. Bb7 Kb6 49. Rh8 Rh4 50. Kh2 g4 51. Kg3 1-0

[Event "Treviso TWE op-B 30th"]
[Site "Treviso"]
[Date "2006.12.10"]
[Round "5.11"]
[White "Colusso, Enrico"]
[Black "De Bortoli, Thomas"]
[Result "1-0"]
[WhiteElo "1691"]
[BlackElo "1515"]
[PlyCount "117"]
[EventDate "2006.12.08"]
[EventType "swiss"]
[EventRounds "5"]
[EventCountry "ITA"]
[SourceTitle "EXT 2024"]
[Source "ChessBase"]
[SourceDate "2023.10.10"]
[SourceVersion "1"]
[SourceVersionDate "2023.10.10"]
[SourceQuality "1"]

1. d4 Nf6 2. c4 g6 3. Nc3 Bg7 4. Bf4 d6 5. h3 Nbd7 6. Nf3 0-0 7. e3 Re8 8. Bd3 b6 9. 0-0 Bb7 10. Bh2 e5 11. dxe5 Nxe5 12. Nxe5 dxe5 13. Be2 Qe7 14. Qc2 Rad8 15. Rfd1 Nd7 16. Nd5 Bxd5 17. cxd5 Kh8 18. Qxc7 Nf6 19. Qxe7 Rxe7 20. Bc4 Red7 21. Bxe5 Nxd5 22. Bxg7+ Kxg7 23. Bb3 Nb4 24. a3 Na6 25. Rxd7 Rxd7 26. Rd1 Rxd1+ 27. Bxd1 Nc5 28. Bc2 Kf6 29. Kf1 Ke5 30. f3 f5 31. g3 h6 32. h4 a6 33. b4 Nb7 34. Ke2 Nd6 35. Bd3 b5 36. Kd2 Kd5 37. Kc3 Ke5 38. Kb3 Kd5 39. a4 Kc6 40. axb5+ axb5 41. e4 fxe4 42. Bxe4+ Nxe4 43. fxe4 Kd6 44. Kc3 Ke5 45. Kd3 g5 46. h5 g4 47. Ke3 Kf6 48. Kd4 Ke6 49. e5 Ke7 50. Kc5 Ke6 51. Kxb5 Kxe5 52. Kc6 Ke4 53. b5 Kf3 54. b6 Kxg3 55. b7 Kh4 56. b8Q Kxh5 57. Qh2+ Kg5 58. Kd5 h5 59. Ke5 1-0

[Event "Treviso TWE op-B 30th"]
[Site "Treviso"]
[Date "2006.12.09"]
[Round "3.17"]
[White "Bressan, Paolo"]
[Black "De Bortoli, Thomas"]
[Result "0-1"]
[WhiteElo "1460"]
[BlackElo "1515"]
[PlyCount "88"]
[EventDate "2006.12.08"]
[EventType "swiss"]
[EventRounds "5"]
[EventCountry "ITA"]
[SourceTitle "EXT 2024"]
[Source "ChessBase"]
[SourceDate "2023.10.10"]
[SourceVersion "1"]
[SourceVersionDate "2023.10.10"]
[SourceQuality "1"]

1. e4 c5 2. Nf3 Nc6 3. d4 cxd4 4. Nxd4 Nf6 5. Nc3 e5 6. Nf3 g6 7. Bc4 Bg7 8. Bg5 0-0 9. 0-0 Qc7 10. Qe2 Nd4 11. Nxd4 exd4 12. Nb5 Qe5 13. Bxf6 Bxf6 14. f4 Qc5 15. Bd3 a6 16. Na3 Re8 17. Kh1 d5 18. e5 Bg7 19. Qf2 b6 20. Rac1 Be6 21. c3 dxc3 22. Rxc3 Qxf2 23. Rxf2 d4 24. Rc1 Bxa2 25. Rfc2 Be6 26. Nc4 b5 27. Nd6 Rf8 28. Rf1 f6 29. f5 gxf5 30. Nxf5 fxe5 31. Nxg7 Rxf1+ 32. Bxf1 Kxg7 33. Rc7+ Bf7 34. Bd3 Re8 35. Be4 Kg8 36. Ra7 Bg6 37. Bd5+ Kh8 38. Rxa6 e4 39. Kg1 d3 40. Ra1 d2 41. Rd1 e3 42. Bf3 Bc2 43. Kf1 e2+ 44. Bxe2 Bxd1 0-1

[Event "Pedavena op-B 2nd"]
[Site "Pedavena"]
[Date "2006.08.01"]
[Round "1"]
[White "De Bortoli, Thomas"]
[Black "De Vettor, Marc"]
[Result "0-1"]
[WhiteElo "1458"]
[BlackElo "1700"]
[PlyCount "64"]
[EventDate "2006.08.01"]
[EventType "swiss"]
[EventRounds "7"]
[EventCountry "ITA"]
[SourceTitle "EXT 2023"]
[Source "ChessBase"]
[SourceDate "2022.10.05"]
[SourceVersion "1"]
[SourceVersionDate "2022.10.05"]
[SourceQuality "1"]

1. e4 Nf6 2. Nc3 d6 3. d4 g6 4. Nf3 Bg7 5. Be3 0-0 6. Bd3 Nbd7 7. 0-0 e5 8. d5 a6 9. Qd2 Ng4 10. Bg5 f6 11. Bh4 Qe8 12. h3 Nh6 13. Nh2 Nb6 14. f4 exf4 15. Rxf4 g5 16. Bxg5 fxg5 17. Rxf8+ Qxf8 18. Qxg5 Qf6 19. Qxf6 Bxf6 20. Rf1 Bd4+ 21. Kh1 Bd7 22. Nd1 Rf8 23. Rxf8+ Kxf8 24. c3 Be5 25. Nf3 Nf7 26. c4 Na4 27. b3 Nc5 28. Bc2 b5 29. cxb5 axb5 30. Nf2 b4 31. Bd3 Bg3 32. Bc2 Bxf2 0-1